000 00288pab a2200121 454500
008 180718b xxu||||| |||| 00| 0 eng d
100 _aRatnam, R.
245 _aMuch depends on work culture
650 _a Work Culture
650 _aManagement
773 _aFinancial Express
909 _a23481
999 _c23481
_d23481